00333nam a2200133Ia 4500008004100000041000800041082001500049100001800064245004500082250001400127260002700141300002400168365000700192240624s9999 xx 000 0 und d aeng a530.01 CAP aCAPRA FRITJOF aTAO OF PHYSICS AN EXPLORATION OF THE PAR a(3rd ed.) c1991aLondonbFlamingo a412 : p. : cm. ; 20 cRS